|
|
|
|
| LEADER |
00000nab a2200000 a 4500 |
| 001 |
vtls000599642 |
| 003 |
SK-MaSNL |
| 005 |
20260303211639.0 |
| 008 |
121001c1996 xo 0 slo |
| 015 |
|
|
|a SNBRB19rr/mm-uuuuu
|
| 035 |
|
|
|a CL0599781
|
| 040 |
|
|
|a SNKBUCL
|b slo
|c SNKBUCL
|e AACR2
|
| 041 |
0 |
|
|a slo
|
| 044 |
|
|
|a xo
|c SK
|
| 080 |
|
|
|a 82.09:885.4-3(048)
|2 1981
|
| 080 |
|
|
|a 885.4-3(048)
|2 1981
|
| 100 |
1 |
|
|a Bančej, Maroš,
|d 1960-2019
|4 aut
|9 103835
|
| 245 |
1 |
0 |
|a Hojdačka nad jamou levovou
|c Maroš Bančej
|
| 650 |
0 |
7 |
|a poviedky psychologické
|2 snkbucl
|9 893883
|
| 655 |
|
7 |
|a články z novín a časopisov
|2 snkbucl
|9 267496
|
| 700 |
1 |
|
|a Cádra, Fedor,
|d 1926-1998
|4 aut
|9 10089
|
| 773 |
0 |
|
|t Pravda
|g Roč. 6, č. 234 (7. 10. 1996), s. 7
|
| 787 |
0 |
8 |
|i Rec.:
|a Cádra, Fedor
|t V jame levovej
|d Bratislava : Vydavateľstvo Spolku slovenských spisovateľov, 1996
|
| 850 |
|
|
|a Slovenská národná knižnica v Martine
|a MTA001
|
| 852 |
|
|
|a SNK
|b KIS3GCP
|
| 958 |
|
|
|a RK
|
| 992 |
|
|
|a RBX
|
| 999 |
|
|
|c 2203721
|d 2205651
|